00626cam a22002411 4500001001300000003000400013005001700017008004100034010001700075035002000092040001800112042001200130050001500142100002800157245002900185260001000214300002300224440004300247500002800290500001700318650003200335999001700367sa 68012904 DLC20260227112616.0900209s1967 ii 000 0 sano  asa 68012904  a(OCoLC)21028384 aDLCcWaUdDLC apremarc00aPK551b.S51 aShukla, Ramesh Chandra.10aPrabandharatnākaraḥ. c1967. a16, 689 p.c23 cm. 0aVidyabhawan Sanskrit granthamala,v140 aAdded t. p. in English. aIn Sanskrit. 0aSanskrit languagexReaders. c84798d84798